00339pab a2200133 454500008004000000100002200040245005300062260000900115300001300124362001000137650001200147650001200159773003400171180718b2015 xxu||||| |||| 00| 0 eng d aPatel, Shirish B. aAffordable housing with spatial Justice, for all c2015 ap.61-66. a7 Feb aJustice aHousing aEconomic and Political Weekly